SINSEMILIA - Tout le Bonheur du Monde (paroles) - Statistiques

Statistiques générales
  • Ce quiz a été pris 425 fois
  • Le résultat moyen est 359 sur 435
Statistiques - réponses
Paroles % Correct
bonheur
100%
du
100%
le
100%
monde
100%
tout
100%
vous
100%
On
99%
on
99%
que
99%
Que
99%
souhaite
99%
la
98%
98%
a
97%
à
97%
de
97%
De
97%
Et
97%
au
94%
les
94%
main
94%
quel
92%
votre
92%
Pour
91%
pour
91%
tende
89%
bombes
88%
chemin
88%
demain
88%
évite
88%
quelqu'un
88%
comme
87%
Comme
87%
Qu'il
86%
qu'il
86%
aujourdh'ui
85%
aujourd'hui
85%
quotidien
81%
jardins
80%
l'ombre
79%
d'amour
78%
Je
77%
soleil
77%
vers
77%
ce
76%
pas
76%
Pas
76%
brille
75%
éclaircisse
75%
mène
75%
ne
73%
Ne
73%
calmes
72%
qu'on
67%
66%
offrir
64%
est
59%
laissera
57%
sais
57%
toujours
57%
sera
55%
notre
54%
aux
53%
oui
53%
venir
53%
cette
52%
Oh
52%
Dans
51%
destin
51%
Mais
51%
vos
51%
fait
50%
vie
50%
liberté
49%
appartient
47%
mieux
47%
premiers
47%
fut
45%
une
45%
faire
44%
quelle
44%
parfois
42%
suffire
41%
Puisque
40%
seulement
40%
suffira
40%
Puisqu'on
38%
espérer
37%
chaque
36%
choix
36%
contrôle
36%
J'ose
36%
conscience
35%
l'avenir
35%
Toute
35%
devant
34%
envol
34%
voie
34%
emmènera
32%
instant
32%
apaiser
31%
celle-ci
31%
confiance
31%
propres
31%
saurait
31%
bout
30%
rendez-vous
30%
s'offre
30%
cela
29%
jusqu'au
29%
profiter
29%
vivre
29%
insouciance
28%
J'espère
28%
Libres
27%
juste
25%
prendrez
25%
Tant
25%
tant
25%
dois
24%
joies
24%
l'temps
24%
reste
24%
rêves
22%
j'me
21%
Sûrement
18%
sauver
16%
choisir
13%
Aucun quiz correspondant
Distribution des résultats
% des personnes avec chaque résultat
Percentile par nombre de réponses
Votre historique - résultats
Vous n’avez pas pris ce quiz